Walking across South American borders: Suriname to Argentina - Statistics

General Stats
  • This quiz has been taken 228 times
  • The average score is 11 of 12
Answer Stats
Country % Correct
Suriname
99%
Guyana
96%
Colombia
94%
Venezuela
94%
Ecuador
93%
Peru
93%
Chile
89%
Bolivia
85%
Paraguay
81%
Brazil
79%
Argentina
77%
Uruguay
77%
No matching quizzes found
Score Distribution
Percent of People with Each Score
Percentile by Number Answered
Your Score History
You have not taken this quiz